[Event "Baden-ch U12"]
[Site "Neuenbuerg/Enz"]
[Date "2008.01.05"]
[Round "5"]
[White "Feil, Felix"]
[Black "Hinner, Robert"]
[Result "1-0"]
[WhiteElo "839"]
[BlackElo "1027"]
[PlyCount "48"]
[EventDate "2008.01.04"]
[EventType "swiss"]
[EventRounds "7"]
[EventCountry "GER"]
[SourceTitle "EXT 2009"]
[Source "ChessBase"]
[SourceDate "2008.11.26"]
[SourceVersion "1"]
[SourceVersionDate "2008.11.26"]
[SourceQuality "1"]

1. e4 e5 2. Nf3 Nc6 3. Bb5 Nf6 4. Nc3 Bb4 5. 0-0 d6 6. Bxc6+ bxc6 7. d3 Bxc3 8. bxc3 Bg4 9. Bg5 0-0 10. Qe2 d5 11. Qe3 h6 12. Bh4 Rb8 13. Nxe5 Qd6 14. Nxg4 Nxg4 15. Qg3 Qxg3 16. Bxg3 Rbc8 17. h3 Nf6 18. exd5 cxd5 19. a4 c5 20. Bd6 Rfd8 21. Be7 Rd7 22. Bxf6 gxf6 23. c4 d4 24. Rab1 Rc6 1-0